| 000 | 00483nam a22002057a 4500 | ||
|---|---|---|---|
| 003 | bpm | ||
| 005 | 20260421091511.0 | ||
| 008 | 260421b |||||||| |||| 00| p spa d | ||
| 020 | _a9872146209 | ||
| 024 | _aS. C. C. / M. C. y E. M.: | ||
| 040 | _aAR-CtUCP | ||
| 041 | _aspa | ||
| 080 | _aCDU | ||
| 100 | _aSilva Narcelo | ||
| 245 | _aDiario de un argentino | ||
| 260 |
_aBuenos Aires _bPatagonia _c2004 |
||
| 650 | _aLiteratura - PoesÃa | ||
| 942 | _cLIB | ||
| 999 |
_c76673 _d76673 |
||